Państwa, które są zasłonięte przez Polskę - Statystyki

Ogólne statystyki
  • Ten quiz został rozwiązany 642 razy
  • Średni wynik to 11 z 15
Odpowiedzi na mapie
Odpowiedzi zakodowano w zielono-czerwonej skali na mapie do tego quizu, zgodnie z poniższymi procentami.
 
Statystyki odpowiedzi
Państwo % Poprawnych
Polska
96%
Urugwaj
85%
Kambodża
79%
Sudan Południowy
77%
Libia
75%
Islandia
74%
Zimbabwe
74%
Białoruś
73%
Jamajka
72%
Lesotho
68%
Boliwia
66%
Eswatini
66%
Burkina Faso
63%
Cypr
60%
Tajwan
58%
Nie znaleziono quizów pasujących do podanych kryteriów
Rozkład punktacji
Procent ludzi z każdym wynikiem
Percentyl według liczby udzielonych odpowiedzi
Twoja historia wyników
Nie rozwiązałeś tego quizu